00502nam a2200193Ia 4500008004100000020001800041100002200059245003500081245004400116260001500160260002000175260000900195300001600204300003200220300001100252440002400263650001300287700000800300160803s9999 xx 000 0 und d a9780060230067 aJohnson, Crockett 2aA picture for Harold's room /  cstory and pictures by Crockett Johnson. aNew York : bScholastic Inc. c1960 a64 pages :  billustration (some col.) ;  c21 cm. aAn I can read book. aFantasy. a310